000 00773nam a2200229Ia 4500
005 20230419094012.0
008 131103s9999 xx 000 0 und d
020 _a8187477311
_cRs. 200
040 _aLoreto College
041 _aEnglish
082 _a338.954
_bCHA
100 _aChatterjee, Biswajit
245 _aTowards a district development report for West Bengal
_cBiswajit Chatterjee and Dilip Kumar Ghosh
260 _aKalyani
_bState Institute of Panchayats and Rural Development
_c2003
300 _a[7],133 p.
_b ill., col. maps, tables
504 _aIncludes bibliographical references
650 _aWest Bengal - Economic Developmental Report, 2003
651 _aDistrict Development
700 _aGhosh, Dilip Kumar
850 _aLCLIB
942 _cBK
999 _c6170
_d56649